| 000 | 00920nam a22002537a 4500 | ||
|---|---|---|---|
| 999 |
_c15718 _d15718 |
||
| 003 | MIRAKIL | ||
| 005 | 20240321132955.0 | ||
| 008 | 240321b tu ||||| |||| 00| 0 tur d | ||
| 020 | _a9789751628435 | ||
| 040 |
_aTR-AnCHP _cTR-AnCHP |
||
| 041 | _atur | ||
| 082 |
_a819.12 _bN37 2020 |
||
| 245 | 1 | 0 |
_aNesimi : _bhayatı, edebî kişiliği, eserleri ve Türkçe divanının tenkitli metni / _chazırlayan: Hüseyin Ayan. |
| 250 | _a2 cilt birleştirilmiş tıpkıbasım. | ||
| 260 |
_aAnkara : _bTürk Dil Kurumu, _c2020. |
||
| 300 |
_aix, 927 s. ; _c24 cm. |
||
| 490 | 0 |
_aAtatürk Kültür, Dil ve Tarih Yüksek Kurumu Türk Dil Kurumu yayınları ; _v567. |
|
| 500 | _aDizin vardır | ||
| 504 | _aKaynakça: 143-145. ss. | ||
| 600 | 0 |
_97828 _aSeyyid Nesimi |
|
| 650 | 0 |
_97726 _aDivan şiiri |
|
| 856 | _zDijital Nüshası için Partimizin Kütüphane Sorumlusu ile iletişime geçiniz. | ||
| 942 |
_2ddc _cBKS |
||